• 首页
  • 本馆介绍
  • 公告通知
  • 最新文献
  • 馆藏检索
  • 电子资源
  • 读者导购
  • 参考咨询
  • 我的图书馆
  • 登录
  • 详细信息显示
  • 放入我的书架
  • 预约/预借图书
  • 作者相关作品
  • 分类相关作品
  • 丛书相关作品
  • 出版社相关作品

书目信息

  • 表格格式
  • 工作单格式
  • 卡片格式
题名:
化学复习与题解
    
 
作者: ;北京市海淀区教师进修学校 主编
分册:  
出版信息: 北京   电力工业出版社  1980
页数: 692页
开本: 19cm
丛书名: 中学基础知识补习丛书
单 册:
中图分类: G633.8 , G634.8
科图分类:
主题词: 化学--中学--教学参考资料 , 教育--各级
电子资源:
ISBN:
000 00878nam2 2200277 45
001 0180001454
005 20060531085503.40
010    @dCNY1.80
091    @a15036.4148
100    @a19950421d1980 demy0chiy0121 ea
101 0  @achi
102    @aCN@b110000
105    @ay zq 000yy
200 10 @a化学复习与题解@Ahua xue fu xi yu ti jie@f北京市海淀区教师进修学校主编@Fbei jing shi hai dian qu jiao shi jin xiu xue xiao zhu bian
210    @a北京@c电力工业出版社@d1980
215    @a692页@d19cm
225 2  @a中学基础知识补习丛书
410  0 @120010@a中学基础知识补习丛书
606    @a化学@x中学@x教学参考资料
606 0  @a教育@x各级
690    @aG633.8
690    @aG634.8@v3
711 02 @a北京市海淀区教师进修学校@Abei jing shi hai dian qu jiao shi jin xiu xue jiao@4主编
801  2 @aCN@bNLC@c20060531
801  0 @aCN@b上海图书馆@c20040430
905    @dG633.8@e199
    
    化学复习与题解/北京市海淀区教师进修学校主编.-北京:电力工业出版社,1980
    692页;19cm.-(中学基础知识补习丛书)
    
    
    ISBN :CNY1.80
    
●
相关链接 在E读中查询图书 在五车中查询图书 在当当中查询图书 在豆瓣中查询图书


正题名:化学复习与题解     索取号:G633.8/199         预约/预借

序号 登录号 条形码 馆藏地/架位号 状态 备注
1 0037317   000783165   密集书库/ [索取号:G633.8/199] 在馆    
2 0037318   000467462   密集书库/ [索取号:G633.8/199] 在馆    
3 0037319   202463609   密集书库/ [索取号:G633.8/199] 在馆    
4 0037320   001584477   密集书库/ [索取号:G633.8/199] 在馆    
5 0037321   000467319   第四借阅区/ [索取号:G633.8/199] 在馆    
6 0037322   001584486   密集书库/ [索取号:G633.8/199] 在馆    
7 0037323   202350909   密集书库/ [索取号:G633.8/199] 在馆    
8 0037325   001584459   密集书库/ [索取号:G633.8/199] 在馆    
唐山师范学院图书馆 欢迎您!
大连网信软件有限公司© 版权所有